000 00517cam a22001934a 4500
005 20250605164302.0
008 250528s ||||||||||||||||||||||||d
035 _a22139
020 _a9789604182107
040 _aGR-AtMCL
_bgre
_dGR-AtMCL
_eAACR2
245 1 _aΤΗΛΕΠΙΚΟΙΝΩΝΙΑΚΑ ΣΥΣΤΗΜΑΤΑ
250 _a1
260 _bΤζιολας,
_c2009
300 _a438
700 1 _aΚαραγιαννιδης Γεωργιος Κ
_98010
942 _cBK
999 _c7195
_d7195